[Event "Pan American-ch School U13 12th"]
[Site "Callao"]
[Date "2023.10.20"]
[Round "8"]
[White "Gomez Nunez, Fabian Elmer"]
[Black "Janampa Javier, Jhonatan David"]
[Result "0-1"]
[WhiteElo "1318"]
[BlackElo "1560"]
[PlyCount "66"]
[EventDate "2023.10.16"]
[EventType "swiss"]
[EventRounds "9"]
[EventCountry "PER"]
[SourceTitle "Mega2024 Update 01"]
[Source "Chessbase"]
[SourceDate "2023.11.12"]
[SourceVersion "1"]
[SourceVersionDate "2023.11.12"]
[SourceQuality "1"]

1. c4 c5 2. Nc3 e6 3. e3 Nf6 4. d4 d5 5. Nf3 Nc6 6. Bd3 cxd4 7. exd4 dxc4 8. Bxc4 Bb4 9. 0-0 h6 10. Bf4 a6 11. a3 Bxc3 12. bxc3 b5 13. Bb3 Bb7 14. Re1 Na5 15. Ba2 Rc8 16. Rc1 Bd5 17. Bxd5 Nxd5 18. Bd2 Nc4 19. Ne5 Nxa3 20. Qh5 0-0 21. Ng4 Nf6 22. Nxf6+ Qxf6 23. Re4 Nc4 24. Bf4 Rfe8 25. Rce1 Red8 26. Bg3 Rd5 27. Qh3 Nd2 28. Be5 Qf5 29. Qg3 g5 30. Rh4 Kh7 31. h3 Rxe5 32. Rxe5 Qb1+ 33. Kh2 Nf1+ 0-1